000 01143nam a22003257a 4500
003 CHAP
005 20220329134619.0
008 971013s1970 r 00010 d
010 _a23031
011 _a24003
035 _a28102
040 _cCHAP
090 _aTesis
100 0 0 _aAvila Villafaña, Alfredo.
_98844
245 _aEfecto del distanciamiento entre surcos y la densidad de población por hectárea sobre el rendimiento del sorgo para grano en el Valle del Fuerte, Sinaloa
260 _aChapingo, Méx. :
_bEl autor,
_c1970
300 _a70 h
502 _aTesis (Ing. Agr. Esp. en Fitotecnia) -- ENA. Departamento de Fitotecnia
590 _aALEPH
_b10
_c20130110
_lUCH01
_h1247
590 _aBATCH-UPD
_b10
_c20130110
_lUCH01
_h2125
590 _aBATCH-UPD
_b10
_c20130410
_lUCH01
_h1434
590 _aBATCH-UPD
_b10
_c20130914
_lUCH01
_h0457
590 _aCONVERSION
_b10
_c20130109
_lUCH01
_h1314
650 1 4 _aSorgo
_xEspaciamiento.
_9108667
901 _aBK
942 _cFOLL
949 _bBC
_cTES
_d-64866
_eTS1
_i28102
_si
949 _bBC
_cTES
_d-64867
_eTS2
_fc.2
_i28102
_si
949 _bBC
_cTES
_d-64868
_eTS2
_fc.3
_i28102
_si
999 _c23031
_d23031